Účasť domácich bánk na operáciách menovej politiky ECB v roku 2014

Aktivita domácich bánk v eurozóne pri využívaní širšieho rámca menovopolitických operácií ECB a obchodovaní na peňažnom trhu eurozóny. Zhodnotenie participácie subjektov na národnej úrovni. Kľúčové rozhodnutia ECB a reakcia bánk eurozóny pri riadení likvidity na medzibankovom trhu aj prostredníctvom...

Descrizione completa

Salvato in:
Dettagli Bibliografici
Autore principale: Kostelný, Roman
Natura: Capitolo di libro
Lingua:slovacco
Soggetti:
Tags: Aggiungi Tag
Nessun Tag, puoi essere il primo ad aggiungerne!!

MARC

LEADER 00000naa a2200000 4500
001 0200349
005 20221019174206.0
041 0 |a slo 
044 |a SK 
245 1 0 |a Účasť domácich bánk na operáciách menovej politiky ECB v roku 2014  |c Roman Kostelný 
520 |a Aktivita domácich bánk v eurozóne pri využívaní širšieho rámca menovopolitických operácií ECB a obchodovaní na peňažnom trhu eurozóny. Zhodnotenie participácie subjektov na národnej úrovni. Kľúčové rozhodnutia ECB a reakcia bánk eurozóny pri riadení likvidity na medzibankovom trhu aj prostredníctvom účasti v uskutočňovaných refinančných alebo sterilizačných tendroch. 
610 2 0 |a eurozóna 
610 2 0 |a politika menová 
610 2 0 |a Európska centrálna banka 
610 2 0 |a bankovníctvo 
100 1 |a Kostelný, Roman